000 00857nam a2200241 a 4500
003 OSt
005 20260416111147.0
008 951221s1995 ii b 000 0 eng
020 _a9780195642674
040 _cHDL
_beng
082 _a954.035 N5
245 0 4 _aThe State in India, 1000-1700 /
_cedited by Hermann Kulke.
260 _aDelhi ;
_bOxford University Press,
_c1995.
300 _ax, 367 p. ;
_c23 cm.
440 0 _aOxford in India readings.
_pThemes in Indian history
_91234930
651 0 _aIndia
_xPolitics and government
_y997-1765.
_9811587
700 1 _aKulke, Hermann.
_9982582
906 _a7
_bcbc
_corigode
_d2
_encip
_f19
_gy-gencatlg
942 _2CC
_cTEXL
_n0
999 _c1848278
_d1848278